[Event "11th Asia-ch (women)"]
[Site "Beirut LIB"]
[Date "2004.12.04"]
[Round "1.1"]
[White "Vijayalakshmi, Subbaraman"]
[Black "Tania, Sachdev"]
[Result "0-1"]
[WhiteElo "2411"]
[BlackElo "2256"]
[EventDate "2004.12.03"]
[PlyCount "52"]

1.Nf3 Nf6 2.g3 b6 3.Bg2 Bb7 4.c4 e6 5.Nc3 Be7 6.O-O O-O 7.Re1 d5 8.cxd5 
exd5 9.d4 Na6 10.Bf4 Re8 11.Rc1 c5 12.Qd3 Ne4 13.Ne5 cxd4 14.Nxe4 dxe4 15.
Bxe4 Bxe4 16.Qxe4 Bf6 17.Qb7 Bxe5 18.Bxe5 Nc5 19.Qc7 d3 20.Rc3 f6 21.b4 
Rxe5 22.Qxd8+ Rxd8 23.bxc5 d2 24.Rd1 Rxc5 25.Rb3 Rc1 26.Rb1 Rxb1 0-1

[Event "11th Asia-ch (women)"]
[Site "Beirut LIB"]
[Date "2004.12.04"]
[Round "1.2"]
[White "Pourkashiyan, Atousa"]
[Black "Wang Yu"]
[Result "0-1"]
[WhiteElo "2217"]
[BlackElo "2392"]
[EventDate "2004.12.03"]
[PlyCount "118"]

1.e4 e5 2.Nf3 Nc6 3.Bc4 Be7 4.d4 exd4 5.Nxd4 d6 6.O-O Nf6 7.Nc3 O-O 8.h3 
Ne5 9.Bb3 c6 10.a4 a5 11.Be3 Re8 12.f4 Ng6 13.Qd3 Bf8 14.Nf3 b6 15.Qd4 d5 
16.Qxb6 Qxb6 17.Bxb6 Nxe4 18.Rfe1 Nxf4 19.Ng5 Nd6 20.Rxe8 Nxe8 21.Rf1 Ne6 
22.Nxf7 Ba6 23.Rf3 Rb8 24.Bf2 Nc5 25.Ne5 Nf6 26.Nxc6 Re8 27.Nxd5 Nxb3 28.
Nxf6+ gxf6 29.Rxb3 Re2 30.Nd4 Rd2 31.Rb6 Bc4 32.b3 Bd5 33.c4 Be4 34.Ne6 
Bb4 35.c5 Kf7 36.Ra6 Bc3 37.Be3 Rxg2+ 38.Kf1 Rg3 39.Bf4 Bd3+ 40.Kf2 Bxa6 
41.Nd8+ Ke8 42.Ne6 Rxh3 43.Nc7+ Kd7 44.Nxa6 Bd4+ 45.Kg2 Rxb3 46.Bc7 Kc6 
47.Bxa5 Bxc5 48.Nxc5 Kxc5 49.Bd8 f5 50.a5 Kd5 51.Be7 Ke4 52.Bc5 Rb2+ 53.
Kh3 Ra2 54.Bb6 f4 55.Kg4 f3 56.Kg3 Rg2+ 57.Kh3 Rg6 58.Ba7 Kd3 59.Kh2 Ke2 
0-1

[Event "11th Asia-ch (women)"]
[Site "Beirut LIB"]
[Date "2004.12.04"]
[Round "1.3"]
[White "Gu Xiaobing"]
[Black "Ovezova, Maisa"]
[Result "1-0"]
[WhiteElo "2336"]
[BlackElo "2170"]
[EventDate "2004.12.03"]
[PlyCount "41"]

1.e4 c6 2.c4 d5 3.exd5 cxd5 4.cxd5 Qxd5 5.Nc3 Qa5 6.d4 Nf6 7.Nf3 Bg4 8.h3 
Bh5 9.g4 Bg6 10.Ne5 Be4 11.Bb5+ Bc6 12.Nxc6 bxc6 13.Qf3 Qb6 14.Be3 Nfd7 
15.d5 Ne5 16.Qe4 Qc7 17.dxc6 e6 18.Rd1 Bd6 19.f4 Nexc6 20.O-O O-O 21.Bxc6 
1-0

[Event "11th Asia-ch (women)"]
[Site "Beirut LIB"]
[Date "2004.12.04"]
[Round "1.6"]
[White "Malikgulieva, Aykamar"]
[Black "Karavade, Eesha"]
[Result "0-1"]
[WhiteElo "2119"]
[BlackElo "2307"]
[EventDate "2004.12.03"]
[PlyCount "94"]

1.d4 Nf6 2.Nf3 g6 3.Bg5 Bg7 4.Nbd2 d5 5.e3 O-O 6.Bd3 c5 7.c3 Nc6 8.Qe2 Qb6
9.Rb1 Re8 10.dxc5 Qxc5 11.e4 dxe4 12.Nxe4 Nxe4 13.Bxe4 Be6 14.Be3 Qc4 15.
Qxc4 Bxc4 16.a3 f5 17.Nd2 Bf7 18.Bc2 e5 19.f3 Red8 20.Bb3 Ne7 21.Bxf7+ 
Kxf7 22.Bg5 Rd7 23.Bxe7 Kxe7 24.Ke2 Rad8 25.Rhd1 Bh6 26.Nb3 b6 27.Rxd7+ 
Rxd7 28.Rd1 Rxd1 29.Kxd1 Kd6 30.c4 a5 31.a4 e4 32.fxe4 fxe4 33.c5+ bxc5 
34.Nxa5 Kd5 35.b3 Kd4 36.Ke2 Bf4 37.g3 Bc7 38.Nc4 Kc3 39.Nd2 Bb6 40.h4 Ba7
41.Nxe4+ Kxb3 42.Kd2 Bb6 43.g4 c4 44.Kd1 c3 45.a5 c2+ 46.Kc1 Be3+ 47.Nd2+ 
Kc3 0-1

[Event "11th Asia-ch (women)"]
[Site "Beirut LIB"]
[Date "2004.12.04"]
[Round "1.7"]
[White "Ju Wenjun"]
[Black "Navabi, Shirin"]
[Result "1-0"]
[WhiteElo "2300"]
[BlackElo "2107"]
[EventDate "2004.12.03"]
[PlyCount "119"]

1.c4 e5 2.Nc3 f5 3.d3 g6 4.g3 Bg7 5.Bg2 Nf6 6.e3 Nc6 7.Nge2 d6 8.Rb1 a5 9.
a3 O-O 10.O-O h6 11.b4 axb4 12.axb4 Kh7 13.b5 Ne7 14.Qb3 g5 15.f4 Ng6 16.
Kh1 gxf4 17.exf4 h5 18.b6 c6 19.fxe5 dxe5 20.Bg5 Qd6 21.Qb4 Qxb4 22.Rxb4 
Be6 23.d4 Ne4 24.d5 Nxg5 25.h4 Ne4 26.Nxe4 fxe4 27.dxe6 Rxf1+ 28.Bxf1 Ra1 
29.Kg2 Bf8 30.Rb2 Bc5 31.Nc3 Bd4 32.Rc2 Bxb6 33.Nxe4 Bd4 34.Nd6 b6 35.Bd3 
Ra7 36.Kf3 Re7 37.Bf5 Kg7 38.Ra2 Bc5 39.Ne4 Nf8 40.Nxc5 bxc5 41.Ra5 Nxe6 
42.Bxe6 Rxe6 43.Rxc5 Kf6 44.Ke4 Rd6 45.Rxe5 Kg6 46.c5 Rf6 47.Rg5+ Kh6 48.
Ke5 Rf1 49.Kd6 Rf6+ 50.Kd7 Rg6 51.Rxg6+ Kxg6 52.Kxc6 Kf5 53.Kd7 Kg4 54.c6 
Kxg3 55.c7 Kxh4 56.c8=Q Kg3 57.Qc3+ Kg4 58.Qd4+ Kh3 59.Qg7 h4 60.Qg5 1-0

[Event "11th Asia-ch (women)"]
[Site "Beirut LIB"]
[Date "2004.12.05"]
[Round "2.1"]
[White "Wang Yu"]
[Black "Ju Wenjun"]
[Result "1/2-1/2"]
[WhiteElo "2392"]
[BlackElo "2300"]
[EventDate "2004.12.03"]
[PlyCount "69"]

1.e4 c5 2.Nf3 Nc6 3.d4 cxd4 4.Nxd4 Nf6 5.Nc3 d6 6.f3 e5 7.Nb3 Be7 8.Be3 
O-O 9.Qd2 a5 10.Na4 Be6 11.c4 Nd7 12.Be2 b6 13.Rd1 f5 14.exf5 Rxf5 15.O-O 
Nc5 16.Nc3 a4 17.Nc1 Rc8 18.Nd5 Bf8 19.f4 Rf7 20.b4 axb3 21.axb3 exf4 22.
Nxf4 Bf5 23.Bf3 Ne4 24.Bxe4 Bxe4 25.Ne6 Qe7 26.Rxf7 Qxe6 27.Rff1 Ne5 28.
Bxb6 d5 29.Bd4 dxc4 30.Rfe1 Nc6 31.Qf4 Re8 32.Bf2 cxb3 33.Rxe4 Qxe4 34.
Qxe4 Rxe4 35.Nxb3 1/2-1/2

[Event "11th Asia-ch (women)"]
[Site "Beirut LIB"]
[Date "2004.12.05"]
[Round "2.2"]
[White "Zhang Jilin"]
[Black "Gu Xiaobing"]
[Result "1/2-1/2"]
[WhiteElo "2287"]
[BlackElo "2336"]
[EventDate "2004.12.03"]
[PlyCount "153"]

1.e4 c5 2.Nf3 d6 3.d4 cxd4 4.Nxd4 Nf6 5.Nc3 a6 6.Be3 e5 7.Nb3 Be6 8.f3 Be7
9.Qd2 Qc7 10.g4 O-O 11.O-O-O Nbd7 12.g5 Nh5 13.Qf2 b5 14.Kb1 b4 15.Nd5 
Bxd5 16.exd5 Rfb8 17.Bh3 a5 18.Bg4 a4 19.Nd2 Nf4 20.Bxd7 Qxd7 21.Bxf4 exf4
22.h4 Qf5 23.Ne4 a3 24.b3 Rb5 25.Qd4 Raa5 26.Rhe1 Bf8 27.Qc4 Rxd5 28.Qxb4 
Qe5 29.Qc3 Rxd1+ 30.Rxd1 Rd5 31.Rxd5 Qxd5 32.Qd2 Qe6 33.c4 Qh3 34.Qf2 Qh1+
35.Kc2 Qa1 36.Kd3 Qd1+ 37.Nd2 g6 38.Qf1 Qxf1+ 39.Nxf1 f5 40.gxf6 Kf7 41.
Ke4 Kxf6 42.Kxf4 Ke6 43.Ne3 Be7 44.Ke4 Bxh4 45.Nc2 h5 46.Nxa3 Bg3 47.Nc2 
h4 48.f4 h3 49.Nd4+ Kd7 50.Ne2 Be1 51.Kf3 Kc6 52.Nc1 d5 53.Nd3 Bd2 54.Ne5+
Kc5 55.cxd5 Kxd5 56.Nxg6 h2 57.Kg2 Ke6 58.Kxh2 Kf5 59.Ne7+ Ke6 60.Nc6 Kd5 
61.Nd8 Bxf4+ 62.Kg2 Bc7 63.Nf7 Kd4 64.Kf3 Kc3 65.Ke4 Kb2 66.b4 Ka3 67.b5 
Kb4 68.Kd3 Kxb5 69.Kc3 Ka4 70.Kb2 Bf4 71.Nd8 Be5+ 72.Kb1 Ka3 73.Nc6 Bc3 
74.Ne7 Bf6 75.Nf5 Bh8 76.Ne3 Bg7 77.Nf5 1/2-1/2

[Event "11th Asia-ch (women)"]
[Site "Beirut LIB"]
[Date "2004.12.05"]
[Round "2.3"]
[White "Tania, Sachdev"]
[Black "Meenakshi, Subbaraman"]
[Result "0-1"]
[WhiteElo "2256"]
[BlackElo "2307"]
[EventDate "2004.12.03"]
[PlyCount "190"]

1.d4 d5 2.c4 Bf5 3.Nc3 e6 4.Bf4 c6 5.e3 Qb6 6.Qd2 Bb4 7.cxd5 cxd5 8.Nf3 
Nf6 9.Bd3 Ne4 10.Bxe4 Bxe4 11.a3 Bxc3 12.Qxc3 Nc6 13.O-O Bxf3 14.gxf3 Qd8 
15.Kg2 h5 16.h3 g5 17.Bg3 Rg8 18.Qb3 Qd7 19.Rad1 f5 20.e4 f4 21.exd5 exd5 
22.Rfe1+ Kf7 23.Bh2 h4 24.Qd3 Kg7 25.b4 a6 26.Re2 Rae8 27.Rde1 Rxe2 28.
Rxe2 Re8 29.Rxe8 Qxe8 30.Qf5 Qd8 31.Qe6 Qg8 32.Qg4 Kf7 33.Qf5+ Ke8 34.Qg4 
Ne7 35.a4 Qg6 36.b5 axb5 37.axb5 b6 38.Kg1 Kd8 39.Kg2 Kc7 40.Kf1 Qf6 41.
Qh5 Kd7 42.Kg2 Kd6 43.Qh7 Nf5 44.Qb7 Qxd4 45.Qb8+ Ke7 46.Qc7+ Kf6 47.Qd8+ 
Kg6 48.Qe8+ Kg7 49.Qd7+ Kf6 50.Qd8+ Kf7 51.Qxg5 Qf6 52.Bxf4 Qxg5+ 53.Bxg5 
Ke8 54.Kf1 Kd7 55.Ke2 Kd6 56.f4 Kc5 57.Kd3 Kxb5 58.Kc3 Ka4 59.Kb2 Kb4 60.
Bf6 d4 61.Kc2 Kc4 62.Kd2 b5 63.Kc2 b4 64.Be5 b3+ 65.Kb2 Ne7 66.Bf6 Nd5 67.
Bg5 Nb4 68.f5 Nd3+ 69.Kb1 Kc3 70.f6 Ne5 71.Bc1 Nf7 72.Bb2+ Kd3 73.Kc1 Ng5 
74.Kd1 Nf7 75.Ke1 Ne5 76.Kd1 Nf7 77.Ke1 Nd6 78.Kd1 Ke4 79.Kd2 Nc4+ 80.Kc1 
d3 81.Bc3 d2+ 82.Bxd2 b2+ 83.Kc2 Nxd2 84.Kxb2 Nc4+ 85.Kc3 Ne5 86.Kb4 Kf5 
87.Kc5 Kxf6 88.Kd4 Kf5 89.Ke3 Ng6 90.f3 Nf4 91.Kf2 Nxh3+ 92.Kg2 Ng5 93.Kh2
Kf4 94.Kg2 h3+ 95.Kh1 Kg3 0-1

[Event "11th Asia-ch (women)"]
[Site "Beirut LIB"]
[Date "2004.12.05"]
[Round "2.6"]
[White "Navabi, Shirin"]
[Black "Vijayalakshmi, Subbaraman"]
[Result "0-1"]
[WhiteElo "2107"]
[BlackElo "2411"]
[EventDate "2004.12.03"]
[PlyCount "100"]

1.d4 Nf6 2.c4 e6 3.Nf3 b6 4.g3 Bb7 5.Bg2 Bb4+ 6.Bd2 Be7 7.O-O O-O 8.Nc3 c5
9.e3 a6 10.Qc2 Qc7 11.b3 d6 12.Rfd1 Nbd7 13.Rac1 Rac8 14.Qb1 Qb8 15.a4 Qa8
16.Ne1 Bxg2 17.Nxg2 Qf3 18.Ne1 Qh5 19.Kg2 cxd4 20.exd4 d5 21.cxd5 Nxd5 22.
Nxd5 Qxd5+ 23.Kg1 Rxc1 24.Bxc1 h5 25.Qd3 h4 26.Qf3 hxg3 27.hxg3 Nf6 28.
Qxd5 Nxd5 29.Bb2 Rb8 30.Nd3 b5 31.a5 b4 32.Nc5 Nc7 33.Nd7 Rb5 34.Rc1 Nd5 
35.Ne5 Rxa5 36.Rc8+ Kh7 37.Nxf7 Ra2 38.Bc1 Bf6 39.Ng5+ Bxg5 40.Bxg5 Ra3 
41.Ra8 Kg6 42.Bd8 Kf5 43.Kg2 Rxb3 44.Rxa6 Ra3 45.Rc6 Ra8 46.Bh4 b3 47.Rc1 
b2 48.Rb1 Rb8 49.g4+ Kg6 50.Bg3 Rb3 0-1

[Event "11th Asia-ch (women)"]
[Site "Beirut LIB"]
[Date "2004.12.06"]
[Round "3.2"]
[White "Shen Yang"]
[Black "Wang Yu"]
[Result "1/2-1/2"]
[WhiteElo "2260"]
[BlackElo "2392"]
[EventDate "2004.12.03"]
[PlyCount "73"]

1.e4 e5 2.Nf3 Nc6 3.Bb5 a6 4.Ba4 Nf6 5.O-O Be7 6.Re1 b5 7.Bb3 d6 8.c3 O-O 
9.h3 Na5 10.Bc2 c5 11.d4 cxd4 12.cxd4 Qc7 13.Nbd2 Nc6 14.Nb3 a5 15.Be3 a4 
16.Nbd2 Bd7 17.Rc1 Qb7 18.Nf1 Rfc8 19.Bb1 Rc7 20.Qd2 Rac8 21.d5 Nb8 22.
Rcd1 Bd8 23.Ng3 Na6 24.Bg5 b4 25.Nh4 b3 26.axb3 Qxb3 27.Bxf6 Bxf6 28.Nhf5 
Bxf5 29.exf5 Qb4 30.Qe3 Nc5 31.Nh5 Nd7 32.Qe2 Bg5 33.Kh2 Nf6 34.Nxf6+ Bxf6
35.Be4 h6 36.Qd2 Qxd2 37.Rxd2 1/2-1/2

[Event "11th Asia-ch (women)"]
[Site "Beirut LIB"]
[Date "2004.12.06"]
[Round "3.4"]
[White "Gu Xiaobing"]
[Black "Zigangirova, Sofya"]
[Result "1-0"]
[WhiteElo "2336"]
[BlackElo "2330"]
[EventDate "2004.12.03"]
[PlyCount "155"]

1.e4 c5 2.Nc3 e6 3.g3 Nc6 4.Bg2 g6 5.d3 Bg7 6.Be3 d6 7.f4 Nge7 8.Nf3 Nd4 
9.O-O O-O 10.Qd2 Rb8 11.Nd1 b5 12.c3 Nxf3+ 13.Bxf3 b4 14.g4 bxc3 15.bxc3 
f5 16.Kh1 Bb7 17.Qg2 Qc7 18.gxf5 exf5 19.Rc1 Ba6 20.c4 Qa5 21.Qe2 Rfe8 22.
Re1 Bb7 23.Qd2 Qxd2 24.Bxd2 fxe4 25.dxe4 Nf5 26.Kg1 Nd4 27.Bg2 Ba6 28.Ba5 
Re7 29.Kh1 Bh6 30.Bd2 Rf8 31.Ne3 Bxf4 32.Rf1 Be5 33.Nd5 Ref7 34.Rxf7 Rxf7 
35.Be3 Kg7 36.Bh3 Rf8 37.Nc7 Bb7 38.Bxd4 Bxe4+ 39.Bg2 Bxg2+ 40.Kxg2 Bxd4 
41.Ne6+ Kg8 42.Nxf8 Kxf8 43.Rb1 a5 44.Rb7 h6 45.Kf3 h5 46.Kf4 Be5+ 47.Kg5 
Bxh2 48.Kxg6 h4 49.Ra7 Ke8 50.a4 Bg3 51.Rxa5 Kd7 52.Kf5 Kc6 53.Rb5 h3 54.
Kg4 h2 55.Rb1 Bf2 56.Kh3 h1=Q+ 57.Rxh1 Kb6 58.Ra1 Bd4 59.Ra2 Ka5 60.Kg4 
Bc3 61.Kf5 Bd4 62.Ke4 Bc3 63.Kd3 Bf6 64.Kc2 Bg5 65.Kb3 Bh4 66.Rh2 Bg3 67.
Rh8 Be1 68.Rb8 Bd2 69.Rd8 Bf4 70.Ra8+ Kb6 71.Rb8+ Ka5 72.Ra8+ Kb6 73.a5+ 
Kb7 74.Rf8 Bg3 75.Ka4 Ka6 76.Ra8+ Kb7 77.Rg8 Be5 78.Kb5 1-0

[Event "11th Asia-ch (women)"]
[Site "Beirut LIB"]
[Date "2004.12.06"]
[Round "3.5"]
[White "Pourkashiyan, Atousa"]
[Black "Karavade, Eesha"]
[Result "0-1"]
[WhiteElo "2217"]
[BlackElo "2307"]
[EventDate "2004.12.03"]
[PlyCount "96"]

1.e4 c5 2.Nf3 d6 3.d4 cxd4 4.Nxd4 Nf6 5.Nc3 a6 6.Be2 e5 7.Nb3 Be7 8.O-O 
O-O 9.a4 Nc6 10.f4 exf4 11.Bxf4 Be6 12.Kh1 Qc7 13.Nd4 Ne5 14.Qe1 Rfe8 15.
Qg3 Kh8 16.Bg5 Qb6 17.Rad1 Rac8 18.Bxf6 Bxf6 19.Nf5 Red8 20.Ne3 Qxb2 21.
Ncd5 Bxd5 22.Nxd5 Qxc2 23.Qe3 Bg5 24.Qxg5 Qxe2 25.Ne7 Rb8 26.h3 Ng6 27.Nf5
f6 28.Qg3 Qxe4 29.Nxd6 Qe7 30.Rd5 Qe6 31.Rfd1 Rf8 32.Nf5 Rbe8 33.h4 Rg8 
34.Nd6 Re7 35.Nf5 Rf7 36.h5 Ne7 37.Nxe7 Rxe7 38.a5 Qe2 39.Qb3 Rge8 40.h6 
Qg4 41.R1d4 Qg6 42.hxg7+ Rxg7 43.Qh3 Reg8 44.Rd7 Qe8 45.Rd1 Rxd7 46.Rxd7 
Qe4 47.Rf7 Rg4 48.Qf3 Qe1+ 0-1

[Event "11th Asia-ch (women)"]
[Site "Beirut LIB"]
[Date "2004.12.06"]
[Round "3.6"]
[White "Vijayalakshmi, Subbaraman"]
[Black "Mouradian, Knarik"]
[Result "1-0"]
[WhiteElo "2411"]
[BlackElo "2119"]
[EventDate "2004.12.03"]
[PlyCount "73"]

1.d4 Nf6 2.c4 g6 3.Nc3 Bg7 4.Nf3 d6 5.g3 O-O 6.Bg2 Nc6 7.O-O Bg4 8.h3 Bxf3
9.Bxf3 Nd7 10.e3 e5 11.dxe5 Ndxe5 12.Be2 Qd7 13.Kh2 Na5 14.Qc2 Nexc4 15.e4
c5 16.Nd5 Nb6 17.Bg5 Nxd5 18.exd5 Rfe8 19.Rae1 b5 20.b3 Rac8 21.Bg4 f5 22.
Bf3 b4 23.Qd1 c4 24.Re6 cxb3 25.axb3 Be5 26.Bg2 Kg7 27.Re1 h6 28.Bd2 Rxe6 
29.dxe6 Qb5 30.f4 Bf6 31.Be3 Qa6 32.Bd4 Nc6 33.Bxf6+ Kxf6 34.Qxd6 Nb8 35.
Qe5+ Ke7 36.Qg7+ Kd6 37.e7 1-0

[Event "11th Asia-ch (women)"]
[Site "Beirut LIB"]
[Date "2004.12.06"]
[Round "3.7"]
[White "Malikgulieva, Aykamar"]
[Black "Tania, Sachdev"]
[Result "0-1"]
[WhiteElo "2119"]
[BlackElo "2256"]
[EventDate "2004.12.03"]
[PlyCount "80"]

1.d4 Nf6 2.Nf3 e6 3.Bf4 b6 4.e3 Bb7 5.Bd3 Be7 6.h3 O-O 7.Nbd2 c5 8.c3 cxd4
9.exd4 d6 10.Qe2 Re8 11.O-O Nbd7 12.Rfe1 a6 13.a4 Nf8 14.Bc4 Qd7 15.b4 Nd5
16.Bxd5 Bxd5 17.c4 Bb7 18.Nb3 Bf6 19.Red1 e5 20.dxe5 Qf5 21.Be3 dxe5 22.
Bxb6 Ng6 23.Nh2 Bxg2 24.Qg4 Bxh3 25.Qxf5 Bxf5 26.Na5 Nf4 27.Ra2 e4 28.Nf1 
Bg4 29.Re1 Bc3 30.Rb1 Ne2+ 31.Kh2 Be5+ 32.Ng3 Nc3 33.Rab2 Nxa4 34.Rc2 Nxb6
35.c5 Nd5 36.c6 Bc7 37.Nb7 h5 38.Rc5 Nf4 39.Rc4 e3 40.fxe3 Ne2 0-1

[Event "11th Asia-ch (women)"]
[Site "Beirut LIB"]
[Date "2004.12.07"]
[Round "4.1"]
[White "Gu Xiaobing"]
[Black "Meenakshi, Subbaraman"]
[Result "1/2-1/2"]
[WhiteElo "2336"]
[BlackElo "2307"]
[EventDate "2004.12.03"]
[PlyCount "152"]

1.c4 c5 2.Nf3 Nc6 3.d4 cxd4 4.Nxd4 g6 5.e4 Bg7 6.Nc2 d6 7.Be2 b6 8.O-O Nf6
9.Nc3 O-O 10.Bd2 Bb7 11.f3 Rc8 12.Rc1 Qd7 13.b3 Rfd8 14.Bg5 h6 15.Bh4 g5 
16.Bf2 e6 17.Nd4 Nxd4 18.Bxd4 d5 19.cxd5 exd5 20.e5 Nh5 21.g3 Qh3 22.Rf2 
Nxg3 23.hxg3 Qxg3+ 24.Rg2 Qf4 25.Rg4 Qf5 26.Bd3 Qe6 27.Qe2 Re8 28.f4 f5 
29.exf6 Bxf6 30.Qxe6+ Rxe6 31.Bxf6 Rxf6 32.fxg5 Rf3 33.Rd4 hxg5 34.Rc2 Kg7
35.Ne2 Rxc2 36.Bxc2 Kf6 37.Kg2 Re3 38.Kf2 Rh3 39.Bd1 Rh1 40.Kg2 Rh8 41.Ng1
Rc8 42.Nf3 Rc1 43.Be2 Rc2 44.Rd2 Rxd2 45.Nxd2 Ke5 46.Nf3+ Ke4 47.Nxg5+ Kd4
48.Kf2 Kc3 49.Bd1 b5 50.Ne6 d4 51.Nc5 Bd5 52.Ke1 a5 53.Be2 a4 54.Bd1 axb3 
55.axb3 d3 56.Kf2 Kd2 57.Bg4 Kc3 58.Ke3 Bxb3 59.Nxd3 Bc4 60.Nc5 b4 61.Ne4+
Kc2 62.Kd4 Bg8 63.Bf5 Kb2 64.Nc5 b3 65.Nd3+ Kc2 66.Nc5+ Kc1 67.Kc3 Kd1 68.
Bg4+ Ke1 69.Nd3+ Kf1 70.Bf3 Kg1 71.Kd4 Bh7 72.Nb2 Kf2 73.Bd5 Bc2 74.Nc4 
Kg3 75.Ke5 Kf2 76.Nb2 Ke3 1/2-1/2

[Event "11th Asia-ch (women)"]
[Site "Beirut LIB"]
[Date "2004.12.07"]
[Round "4.2"]
[White "Zhang Jilin"]
[Black "Shen Yang"]
[Result "1/2-1/2"]
[WhiteElo "2287"]
[BlackElo "2260"]
[EventDate "2004.12.03"]
[PlyCount "41"]

1.e4 e5 2.Nf3 Nc6 3.Bb5 a6 4.Ba4 Nf6 5.O-O b5 6.Bb3 Be7 7.Re1 d6 8.c3 O-O 
9.h3 Na5 10.Bc2 c5 11.d4 Qc7 12.Nbd2 cxd4 13.cxd4 Bb7 14.Nf1 Rac8 15.Bd3 
Nc6 16.d5 Nb4 17.Bg5 Nxd3 18.Qxd3 Nh5 19.Rac1 Qd7 20.Bxe7 Qxe7 21.Qd2 
1/2-1/2

[Event "11th Asia-ch (women)"]
[Site "Beirut LIB"]
[Date "2004.12.07"]
[Round "4.6"]
[White "Zigangirova, Sofya"]
[Black "Ovezova, Maisa"]
[Result "1-0"]
[WhiteElo "2330"]
[BlackElo "2170"]
[EventDate "2004.12.03"]
[PlyCount "116"]

1.e4 c6 2.d4 d5 3.Nd2 dxe4 4.Nxe4 Bf5 5.Ng3 Bg6 6.h4 h6 7.Nf3 Nd7 8.h5 Bh7
9.Bd3 Bxd3 10.Qxd3 e6 11.Bd2 Qb6 12.O-O-O Ngf6 13.Ne4 O-O-O 14.Kb1 Nxe4 
15.Qxe4 Ba3 16.Bc1 Nf6 17.Qe3 Bb4 18.Ne5 Rhf8 19.a3 Be7 20.Nxf7 Rde8 21.
Qxe6+ Kb8 22.Ne5 Ka8 23.Qh3 Rd8 24.Rhe1 Bd6 25.f4 Bc7 26.c4 Rxd4 27.Be3 
Rxd1+ 28.Rxd1 Qa5 29.Bd2 Qa4 30.Re1 Rd8 31.Bc1 Qa5 32.Re3 Qc5 33.g4 Nh7 
34.Rd3 Re8 35.Be3 Qa5 36.Bd2 Qc5 37.Be3 Qa5 38.Bd4 Qe1+ 39.Ka2 Qe4 40.Qf3 
Qxf3 41.Rxf3 Nf6 42.Rg3 c5 43.Bc3 Ne4 44.Re3 Nf6 45.Kb3 b6 46.Kc2 Re7 47.
b3 Kb7 48.Bb2 Kc8 49.Rg3 Ne4 50.Rg2 Nf6 51.Kd3 Bd6 52.Ke3 Kc7 53.Kf3 a6 
54.a4 Re6 55.Rd2 Re7 56.Re2 Re8 57.Bc3 Rf8 58.Ng6 Rf7 1-0

[Event "11th Asia-ch (women)"]
[Site "Beirut LIB"]
[Date "2004.12.07"]
[Round "4.7"]
[White "Mouradian, Knarik"]
[Black "Pourkashiyan, Atousa"]
[Result "1-0"]
[WhiteElo "2119"]
[BlackElo "2217"]
[EventDate "2004.12.03"]
[PlyCount "115"]

1.e4 e5 2.Bc4 Nf6 3.d3 Nc6 4.Nf3 Bc5 5.c3 a6 6.Bb3 h6 7.O-O Ba7 8.Nbd2 d6 
9.Re1 O-O 10.h3 Be6 11.Nf1 Re8 12.Ng3 Qd7 13.Be3 d5 14.Bxa7 Rxa7 15.Qe2 
Raa8 16.Rad1 Rad8 17.Kh2 Qe7 18.Ba4 b5 19.Bb3 d4 20.Rc1 dxc3 21.Bxe6 Qxe6 
22.Rxc3 g6 23.Rec1 Nb4 24.b3 a5 25.a3 Na6 26.Qe3 Kh7 27.Ne2 c5 28.Ng3 Rd6 
29.Kg1 Red8 30.Ne1 Nd7 31.Ra1 Nb6 32.f4 exf4 33.Qxf4 Qe7 34.Kh2 Rf6 35.Qh4
Qd6 36.Nf3 Rf4 37.e5 Rxh4 38.exd6 Rf4 39.Ne4 Nd7 40.Kg3 Rf5 41.d4 cxd4 42.
Nxd4 Rd5 43.Nc6 Re8 44.Ne7 Rd4 45.Re3 f5 46.Rf1 Rf8 47.Rc3 Rxe4 48.Rc6 
Nac5 49.Rc7 Rf6 50.Rd1 Re3+ 51.Kh2 Rxb3 52.Rd5 Rxa3 53.Rdxc5 Rxd6 54.Nc8 
Rd2 55.Nb6 Rad3 56.Re5 Kg8 57.Re7 Nxb6 58.Re8# 1-0

[Event "11th Asia-ch (women)"]
[Site "Beirut LIB"]
[Date "2004.12.07"]
[Round "5.1"]
[White "Meenakshi, Subbaraman"]
[Black "Zhang Jilin"]
[Result "1-0"]
[WhiteElo "2307"]
[BlackElo "2287"]
[EventDate "2004.12.03"]
[PlyCount "81"]

1.d4 Nf6 2.c4 c5 3.d5 e6 4.Nc3 exd5 5.cxd5 d6 6.Nf3 g6 7.Nd2 Nbd7 8.e4 Bg7
9.Be2 O-O 10.O-O Re8 11.Re1 a6 12.a4 Rb8 13.a5 b5 14.axb6 Nxb6 15.Qc2 Qe7 
16.Ra3 h5 17.f3 h4 18.Nc4 Nh5 19.Be3 Nxc4 20.Bxc4 Qe5 21.Qd2 h3 22.g4 Nf6 
23.Bf1 Bxg4 24.fxg4 Nxg4 25.Bxh3 Nxe3 26.Qxe3 Rxb2 27.Bg2 Qh5 28.Qf3 Qh4 
29.Rf1 Rf8 30.Nd1 Bd4+ 31.Kh1 Be5 32.h3 Rbb8 33.Ne3 Bb2 34.Rxa6 Rb3 35.Qg4
Qd8 36.Nc4 Bg7 37.Rxd6 Qb8 38.Rc6 Rc3 39.Nd6 Be5 40.Nxf7 Rxf7 41.Rc8+ 1-0

[Event "11th Asia-ch (women)"]
[Site "Beirut LIB"]
[Date "2004.12.07"]
[Round "5.6"]
[White "Navabi, Shirin"]
[Black "Zigangirova, Sofya"]
[Result "1/2-1/2"]
[WhiteElo "2107"]
[BlackElo "2330"]
[EventDate "2004.12.03"]
[PlyCount "49"]

1.c4 c5 2.Nf3 g6 3.d4 cxd4 4.Nxd4 Bg7 5.e4 Nc6 6.Be3 Nf6 7.Nc3 d6 8.Be2 
O-O 9.O-O Bd7 10.Nxc6 Bxc6 11.f3 Nd7 12.Qd2 a5 13.Rfd1 Nc5 14.Rac1 Qb6 15.
Rb1 Rfc8 16.Bf1 h5 17.Nd5 Bxd5 18.cxd5 Qb4 19.Bd4 Bxd4+ 20.Qxd4 Qxd4+ 21.
Rxd4 Nd7 22.Rc4 Rxc4 23.Bxc4 Rc8 24.Bb5 Nb6 25.Bd3 1/2-1/2

[Event "11th Asia-ch (women)"]
[Site "Beirut LIB"]
[Date "2004.12.07"]
[Round "5.7"]
[White "Ovezova, Maisa"]
[Black "Mouradian, Knarik"]
[Result "0-1"]
[WhiteElo "2170"]
[BlackElo "2119"]
[EventDate "2004.12.03"]
[PlyCount "82"]

1.d4 Nf6 2.e3 g6 3.Bd3 Bg7 4.Nf3 d6 5.Nbd2 Nbd7 6.O-O O-O 7.b3 c5 8.Bb2 b6
9.c4 Bb7 10.d5 Ba6 11.Qc2 Rb8 12.a4 e5 13.Ne1 Qe7 14.Rb1 Rbe8 15.e4 Bh6 
16.Bc1 Nh5 17.g3 Ng7 18.Ndf3 Bxc1 19.Qxc1 f5 20.Qg5 fxe4 21.Qxe7 Rxe7 22.
Bxe4 Nf6 23.Nd2 Nf5 24.Nef3 Nd4 25.Nxd4 exd4 26.f3 Bc8 27.Rbe1 Rfe8 28.g4 
Bxg4 29.Kf2 Bd7 30.Rg1 Kf7 31.Ra1 Bf5 32.Bxf5 Re2+ 33.Kf1 Rxd2 34.Be6+ Kg7
35.a5 Rf8 36.axb6 axb6 37.Ke1 Rd3 38.Ra7+ Kh8 39.f4 Rxb3 40.Rg5 d3 41.f5 
Rb1+ 0-1

[Event "11th Asia-ch (women)"]
[Site "Beirut LIB"]
[Date "2004.12.09"]
[Round "6.1"]
[White "Shen Yang"]
[Black "Meenakshi, Subbaraman"]
[Result "1-0"]
[WhiteElo "2260"]
[BlackElo "2307"]
[EventDate "2004.12.03"]
[PlyCount "111"]

1.e4 e5 2.Nf3 Nf6 3.Nxe5 d6 4.Nf3 Nxe4 5.Nc3 Nxc3 6.dxc3 Be7 7.Bf4 Nd7 8.
Qd2 Nc5 9.O-O-O O-O 10.Kb1 Re8 11.Bc4 Be6 12.Be2 Bf6 13.Be3 Ne4 14.Qe1 c5 
15.Rd3 Bc4 16.Nd2 Bxd3 17.Bxd3 Nxd2+ 18.Qxd2 Qd7 19.Bc4 b5 20.Bd5 Rab8 21.
Bf3 Qe7 22.Rd1 Red8 23.Bf4 Rb6 24.Re1 Qf8 25.g4 Re8 26.Rh1 Qe7 27.g5 Be5 
28.Be3 a5 29.h4 a4 30.a3 Rbb8 31.Bd5 b4 32.cxb4 cxb4 33.axb4 g6 34.h5 Bg7 
35.c3 Qe5 36.hxg6 hxg6 37.Ka2 Qf5 38.Rh4 Be5 39.Qd1 a3 40.bxa3 Bg3 41.Rg4 
Be5 42.Kb3 Re7 43.Rh4 Bg3 44.Rh1 Be5 45.Qc2 Kg7 46.Qxf5 gxf5 47.Bd2 f4 48.
Be4 Rh8 49.Rxh8 Kxh8 50.Bd5 Kg7 51.a4 Kf8 52.a5 f3 53.b5 Ra7 54.Kb4 Rc7 
55.b6 Rc8 56.b7 1-0

[Event "11th Asia-ch (women)"]
[Site "Beirut LIB"]
[Date "2004.12.09"]
[Round "6.2"]
[White "Wang Yu"]
[Black "Gu Xiaobing"]
[Result "1-0"]
[WhiteElo "2392"]
[BlackElo "2336"]
[EventDate "2004.12.03"]
[PlyCount "107"]

1.e4 c5 2.Nf3 d6 3.d4 cxd4 4.Nxd4 Nf6 5.f3 e6 6.Nc3 a6 7.Be3 Be7 8.Qd2 Qc7
9.g4 Nc6 10.O-O-O Nd7 11.f4 b5 12.Nxc6 Qxc6 13.Bg2 Bb7 14.Kb1 Nc5 15.Rhe1 
b4 16.Ne2 Nxe4 17.Bxe4 Qxe4 18.Ng3 Qc4 19.Bd4 O-O 20.Nh5 Bf3 21.Bxg7 Bxd1 
22.Rxd1 Rfc8 23.b3 Qd5 24.Qe2 Qb5 25.Rd3 Rc5 26.Bd4 Rd5 27.Qe3 Kf8 28.Qe4 
Qc6 29.Qxh7 Ke8 30.Qg8+ Kd7 31.Qxf7 Rf8 32.Qg7 Kd8 33.Qg6 Kd7 34.Ng7 Bf6 
35.Nxe6 Kxe6 36.Bxf6 Rxd3 37.Qf5+ Kf7 38.Bg5+ Kg8 39.Qg6+ Kh8 40.Bf6+ Rxf6
41.Qxf6+ Kg8 42.Qg6+ Kh8 43.Qxd3 a5 44.Kb2 d5 45.Qd4+ Kg8 46.f5 Kf8 47.g5 
Qd6 48.h4 Qg3 49.Qf6+ Ke8 50.g6 a4 51.bxa4 Qa3+ 52.Kb1 Qg3 53.g7 Kd7 54.
Qe6+ 1-0

[Event "11th Asia-ch (women)"]
[Site "Beirut LIB"]
[Date "2004.12.09"]
[Round "6.3"]
[White "Zhang Jilin"]
[Black "Mouradian, Knarik"]
[Result "1-0"]
[WhiteElo "2287"]
[BlackElo "2119"]
[EventDate "2004.12.03"]
[PlyCount "121"]

1.e4 c5 2.Nf3 d6 3.d4 cxd4 4.Nxd4 Nf6 5.Nc3 a6 6.Be2 e5 7.Nb3 Be7 8.O-O 
O-O 9.Kh1 Qc7 10.f4 Nbd7 11.Qe1 b5 12.Bd3 Bb7 13.a3 Rfe8 14.Qf2 d5 15.exd5
Nxd5 16.Nxd5 Bxd5 17.Bf5 Nc5 18.Be3 Nxb3 19.cxb3 Bd6 20.fxe5 Bxe5 21.Rad1 
Qb7 22.Rd3 Bf6 23.Rfd1 Be6 24.Bxe6 Rxe6 25.Bd4 h6 26.Bc3 Bxc3 27.bxc3 Rae8
28.Rd8 Qe7 29.Rxe8+ Qxe8 30.Kg1 Re3 31.Qd2 Qe5 32.Rc1 Qe4 33.Kf1 Qf4+ 34.
Kg1 Qe5 35.h3 Qe4 36.Kf1 Qf4+ 37.Kg1 Qe4 38.Qf2 Re2 39.Qf3 Qxf3 40.gxf3 
Ra2 41.c4 bxc4 42.bxc4 Rxa3 43.c5 Rb3 44.Kf2 Rb7 45.Ke3 Kf8 46.c6 Rc7 47.
Kd4 Ke7 48.Kc5 Kd8 49.Re1 a5 50.Kb6 a4 51.Re4 a3 52.Ra4 Rc8 53.Rd4+ Ke7 
54.Kb7 a2 55.Rd1 Rd8 56.Re1+ Kd6 57.c7 Rd7 58.Rd1+ Ke6 59.Rxd7 a1=Q 60.
c8=Q Qb2+ 61.Ka8 1-0

[Event "11th Asia-ch (women)"]
[Site "Beirut LIB"]
[Date "2004.12.09"]
[Round "6.6"]
[White "Karavade, Eesha"]
[Black "Navabi, Shirin"]
[Result "1-0"]
[WhiteElo "2307"]
[BlackElo "2107"]
[EventDate "2004.12.03"]
[PlyCount "43"]

1.Nf3 f5 2.d3 d6 3.e4 Nc6 4.Nc3 e5 5.exf5 Bxf5 6.d4 Nxd4 7.Nxd4 exd4 8.
Qxd4 Nf6 9.Bc4 c6 10.Bg5 Be7 11.O-O-O b5 12.Bb3 a5 13.Rhe1 Kf8 14.a4 bxa4 
15.Nxa4 d5 16.Re5 Bd7 17.Nb6 Rb8 18.Nxd7+ Qxd7 19.Rde1 Bb4 20.c3 Bd6 21.
Re6 c5 22.Rxf6+ 1-0